Anton Pavlovič Čechov : švédska zápalka : komédia v 3 dejstvách /

Hlavní autor: Radoková-Tesařová, Marie, 1922-2003
Další autoři: Radok, Alfréd, 1914-1976
Jazyk: Slovenština
Vydáno: Bratislava : Slovenské divadelné a literárne jednateľstvo, 1966
Fyzický popis: 77 s.
Knihy
Uloženo v:
LEADER 00887nam a22002292a 4500
001 001344064
003 CZ BrMZK
005 20131111144536.0
007 ta
008 131111s1966 xo er|||||||||||slo d
040 |a BOA001  |b cze 
041 1 |a slo  |h cze 
100 1 |a Radoková-Tesařová, Marie,  |d 1922-2003  |7 xx0010988  |4 aut 
245 1 0 |a Anton Pavlovič Čechov :  |b švédska zápalka : komédia v 3 dejstvách /  |c na motívy rovnomennej poviedky v preklade Jaroslava Huláka napísali Mária a Alfréd Radokovci ; preložil Martin Hollý st. 
260 |a Bratislava :  |b Slovenské divadelné a literárne jednateľstvo,  |c 1966 
300 |a 77 s. 
500 |a Přeloženo z češtiny 
700 1 |a Radok, Alfréd,  |d 1914-1976  |7 jk01101921  |t aut 
910 |a BOA001  |b 2-0552.687 
990 |a BK 
991 |b 201311 
996 6 |b 2619028701  |c 2-0552.687  |l HP2  |r DEN  |n 0  |w 001378947  |u 000010  |a 1  |e BOA001  |j MZK50  |s P